Monster High characters - Statistics

General Stats
  • This quiz has been taken 391 times
  • The average score is 31 of 60
Answer Stats
Hint First name Last name % Correct
Frankenstein's daughter Frankie Stein
100%
Clawd Wolf
96%
Vampire Draculaura
95%
Mummy Cleo De Nile
94%
Werewolf Clawdeen Wolf
93%
Fish Lagoona Blue
89%
Zombie Ghoulia Yelps
85%
Why Do Ghouls Fall In Love CA Cupid
82%
Nefera De Nile
74%
Plant Venus McFlytrap
74%
Gorgon Deuce Gorgon
72%
Howleen Wolf
71%
Yeti Abbey Bominable
70%
Catty Noir
70%
Spectra Vondergeist
69%
Robot (Friday Night Frights) Robecca Steam
68%
Genie (13 Wishes) Gigi Grant
66%
Clawdia Wolf
62%
Gargoyle (Friday Night Frights) Rochelle Goyle
61%
Toralei Stripe
60%
Gill Webber
58%
Elemental Heath Burns
57%
Minitaur Manny Taur
57%
Jackson Jekyll
56%
Dragon Jinafire Long
56%
Ghouls Rule Holt Hyde
55%
Skeleton Skelita Calaveras
54%
Scarah Screams
52%
Boogeyman Twyla Boogeyman
52%
Slo Mo
49%
Honey Swamp
47%
Cyclops Iris Clops
46%
(Freights, Camera, Action!) Elissabat
45%
River Styxx
44%
Boo York, Boo York Luna Mothews
43%
Bonita Femur
40%
Cat Catrine DeMew
40%
Porter Geiss
40%
Viperine Gorgon
40%
(Boo York, Boo York) Seth Ptolemy
39%
Freights, Camera, Action! Hoodude Voodoo
38%
Sirena Von Boo
38%
Ghoul Operetta
37%
Elle Eedee
36%
Valentine
36%
Spider Wydowna Spider
35%
Haunted Kiyomi Haunterly
34%
Purrsephone
34%
Ramses De Nile
34%
Avea Trotter
33%
Meowlody
33%
Freaky Fusion Neighthan Rot
32%
Mouscedes King
30%
Gory Fangtell
29%
Djinni Grant
20%
Dracubecca
14%
Astranova
13%
Clawvenus
12%
Cleolei
12%
Lagoonafire
11%
No matching quizzes found
Score Distribution
Percent of People with Each Score
Percentile by Number Answered
Your Score History
You have not taken this quiz